000 00423nam a22001577a 4500
999 _c145241
_d145241
020 _a9789387187139
082 _aH100 9
_bGAR/S
100 _aGarima Singh
245 _aSamakaleen Urdu-Hindi gazal Parampara aur vikas/
_cby Garima Singh
260 _aDelhi:
_bNayi Kithab Prakashan,
_c2018.
300 _a160p.
650 _aPoetry Hindi Criticism
650 _aLiterature Hindi
650 _aLiterature
942 _cBK